000 00740nas a2200253 4500
001 BR2012005923
003 BR-BrBNA
005 20231205120940.0
007 ta
008 230509b bl.|||p| |||| 00| 00por d
040 _aBR-BrBNA
_bpor
_cBiblioteca Nacional de Agricultura
041 _a(Pt)
072 _aF70
100 1 _aMatozinhos, C.N.
100 1 _aKonno, T.U.P.
245 1 _aDiversidade taxonômica de apocynaceae na Serra Negra, MG, Brasil
650 _aAPOCYNACEAE
650 _aTAXONOMIA VEGETAL
650 _aBIODIVERSIDADE
650 _aFLORESTA
773 0 _tHoehnea (Brazil)
_xISSN 0073-2877
_g(Dec 2011), v. 38(4) p. 569-595
_wBR2012005923
909 _a202311
_bLúcia
_c55
_dLúcia Elande
942 _2AGRIS
_n0
_cANA
999 _c221137
_d221137